Countries with the letter 'B' - Statistics

General Stats
  • This quiz has been taken 1,027 times
    402 since last reset
  • The average score is 30 of 46
Answer Stats
Answer % Correct
Brazil
92%
Belgium
90%
Bahamas
86%
Bolivia
86%
Barbados
84%
Bosnia and Herzegovina
84%
Bhutan
82%
Botswana
82%
Bahrain
81%
Brunei
81%
Bangladesh
79%
Belarus
79%
Bulgaria
79%
Burundi
78%
Belize
77%
Albania
73%
Benin
73%
Burkina Faso
71%
Azerbaijan
69%
Zimbabwe
65%
Zambia
64%
Cambodia
63%
Colombia
62%
Libya
62%
Antigua and Barbuda
61%
Cuba
59%
Uzbekistan
59%
Lebanon
58%
Namibia
58%
Democratic Republic Of The Congo
57%
Mozambique
57%
Serbia
56%
Gambia
55%
Liberia
54%
Dominican Republic
53%
Trinidad and Tobago
53%
Saudi Arabia
52%
United Arab Emirates
52%
Djibouti
51%
Luxembourg
51%
Gabon
49%
Republic of the Congo
49%
Central African Republic
48%
Guinea-Bissau
46%
Kiribati
41%
Czech Republic
37%
No matching quizzes found
Score Distribution
Percent of People with Each Score
Percentile by Number Answered
Your Score History
You have not taken this quiz since the last reset